000 00449nmm a2200145Ia 4500
008 251105s9999||||xx |||||||||||||||||und||
041 _aspa
100 _aMargarit, Lucas
245 0 _aentre la tierra y el óxido (algunos poemas reunidos)
264 _a[Santiago de Chile, Chile] :
_bRil editores,
_c2024
300 _a107 páginas
650 _aLatin American poetry
856 _uhttps://public.digitaliapublishing.com/a/172334
942 _cCF
999 _c106916
_d106916